RETAIL MANAGEMENT (Record no. 16334)

MARC details
000 -LEADER
fixed length control field 00281nam a22001337a 4500
003 - CONTROL NUMBER IDENTIFIER
control field SGT
020 ## - INTERNATIONAL STANDARD BOOK NUMBER
International Standard Book Number 9788121932073
082 ## - DEWEY DECIMAL CLASSIFICATION NUMBER
Classification number 658.87
Item number SIN
100 ## - MAIN ENTRY--PERSONAL NAME
Personal name SINGH,HARJIT
245 ## - TITLE STATEMENT
Title RETAIL MANAGEMENT
260 ## - PUBLICATION, DISTRIBUTION, ETC. (IMPRINT)
Name of publisher, distributor, etc S.CHAND PUBLICATION
Year of Publication 2018
300 ## - PAGE DESCRIPTION
No. of Pages 871
942 ## - ADDED ENTRY ELEMENTS (KOHA)
Source of classification or shelving scheme Dewey Decimal Classification
Koha item type Books
942 ## - ADDED ENTRY ELEMENTS (KOHA)
-- 6
Holdings
Withdrawn status Lost status Source of classification or shelving scheme Damaged status Not for loan Collection code Home library Current library Date acquired Vendor Name Cost, normal purchase price SGTU Bill Number Total Checkouts Full call number Accession No. (Barcode) Date last seen Date last borrowed Bill Date Koha item type
    Dewey Decimal Classification     COMMERCE MANAGEMENT SGT Science & Social Sciences Library SGT Science & Social Sciences Library 14/12/2018 KIRTI PRAKASHAN 425.00 SGTU IN1748 6 658.87 SIN CM5101 04/12/2023 07/11/2023   Books
    Dewey Decimal Classification     COMMERCE MANAGEMENT SGT Science & Social Sciences Library SGT Science & Social Sciences Library 14/12/2018 KIRTI PRAKASHAN 425.00 SGTU IN1748   658.87 SIN CM5102 14/12/2018     Books